Countries that Search Belgium the Most - Statistics

General Stats
  • This quiz has been taken 51 times
  • The average score is 5 of 10
Answer Stats
Google Trend Score Answer % Correct
4 France
100%
8 Netherlands
100%
22 Luxembourg
96%
4 Democratic Republic of the Congo
66%
2 Switzerland
55%
2 Portugal
40%
2 Morocco
36%
2 Tunisia
17%
5 Cameroon
4%
5 Cote d’Ivoire
4%
No matching quizzes found
Score Distribution
Percent of People with Each Score
Percentile by Number Answered
Your Score History
You have not taken this quiz